[Event "AUTO-OPEN-2656"]
[Site "http://www.queenalice.com/game.php?id=1047662"]
[Date "2012.4.10"]
[Round "1"]
[White "gatoss"]
[Black "djoko"]
[Result "0-1"]
[WhiteElo "1500"]
[BlackElo "1408"]

1. d4 d5 2. c4 c6 3. Nf3 Nf6 4. Nc3 dxc4 5. a4 Bf5 6. e3 Na6 7. Bxc4 e6 8. Bxa6
bxa6 9. O-O Bd6 10. Qe2 Nd5 11. Qxa6 Nb4 12. Qe2 Bd3 13. Qd1 Bxf1 14. Qxf1 h6
15. Qc4 O-O 16. Bd2 Nd5 17. Qxc6 Nb4 18. Qc4 Rc8 19. Qe2 Nc6 20. Nb5 Bb8 21. Rc1
Ne7 22. Bb4 Rxc1+ 0-1

[Event "AUTO-OPEN-2656"]
[Site "http://www.queenalice.com/game.php?id=1047663"]
[Date "2012.4.10"]
[Round "1"]
[White "djoko"]
[Black "gatoss"]
[Result "1-0"]
[WhiteElo "1500"]
[BlackElo "1399"]

1. e4 c5 2. Nf3 d6 3. d4 cxd4 4. Nxd4 Nf6 5. Nc3 e6 6. Be2 Be7 7. O-O O-O 8. f4
Nc6 9. Be3 Qb6 10. b3 Nxd4 11. Bxd4 Qc7 12. Qd3 e5 13. fxe5 dxe5 14. Be3 Rd8 15.
Nd5 Nxd5 16. exd5 Be6 17. c4 Qc8 18. Qe4 f5 19. Qc2 Bf7 20. Qxf5 Bc5 21. Qxf7+
Kh8 22. Bxc5 Qxc5+ 23. Qf2 Qd6 24. Qe3 Rf8 25. Rxf8+ Qxf8 26. Bh5 Qf5 27. Be2 e4
28. Rf1 Qe5 29. Qc5 h6 30. Rf8+ Rxf8 31. Qxf8+ Kh7 32. h3 Qb2 33. Qf5+ Kg8 34.
Bh5 e3 35. Qf7+ Kh8 36. Qe8+ Kh7 37. Bg6# 1-0

[Event "AUTO-OPEN-2656"]
[Site "http://www.queenalice.com/game.php?id=1047664"]
[Date "2012.4.10"]
[Round "1"]
[White "gatoss"]
[Black "kpfingaz"]
[Result "1-0"]
[WhiteElo "1349"]
[BlackElo "1581"]

1. d4 e6 2. c4 d5 3. Nf3 dxc4 4. e3 b5 5. a4 c6 6. axb5 cxb5 7. b3 Bb4+ 8. Bd2
c3 9. Bxc3 Bxc3+ 10. Nxc3 b4 11. Na2 Qb6 12. Qc1 Nd7 13. Bc4 Ngf6 14. O-O a5 15.
Qb2 Bb7 16. Be2 O-O 17. Ne5 Nxe5 18. dxe5 Nd7 19. Rad1 Qc6 20. f3 Nb6 21. Rd6
Qc7 22. Rc1 Qe7 23. Rxb6 Ra7 24. Rd1 Qc5 25. Qd4 Qe7 26. Rd6 Raa8 27. Rd7 Qe8
28. Rxb7 g6 29. Qd7 Qxd7 30. Rbxd7 Kg7 31. Nc1 a4 32. bxa4 Rxa4 33. Nd3 b3 34.
Nc5 Ra2 35. Bc4 Rc2 36. Nxe6+ Kh6 37. Nxf8 Rxc4 38. Rxf7 Kg5 39. e6 Rc8 40.
Nxh7+ Kh6 41. Rf8 Rc6 42. e7 Kxh7 43. e8=Q b2 44. Rf7+ Kh6 45. Qh8+ Kg5 46. Rd5#
1-0

[Event "AUTO-OPEN-2656"]
[Site "http://www.queenalice.com/game.php?id=1047665"]
[Date "2012.4.10"]
[Round "1"]
[White "kpfingaz"]
[Black "gatoss"]
[Result "1-0"]
[WhiteElo "1610"]
[BlackElo "1439"]

1. e4 c5 2. Bc4 e6 3. Nf3 d6 4. d3 Nf6 5. Bg5 Be7 6. Bf4 d5 7. exd5 exd5 8. Bb3
O-O 9. Nfd2 Re8 10. O-O Nc6 11. c3 d4 12. Bc4 Nd5 13. Bxd5 Qxd5 14. c4 Qd7 15.
Ne4 f5 16. Ng3 Bf6 17. Nh5 Qf7 18. Qf3 g6 19. Ng3 Ne5 20. Qd1 b6 21. b3 Bb7 22.
f3 Kg7 23. Na3 Nc6 24. Qd2 Re7 25. Bh6+ Kh8 26. Nb5 Be5 27. Bg5 Ree8 28. f4 Bf6
29. Bh6 Bg7 30. Nd6 Qd7 31. Nxe8 Bxh6 32. Nf6 Qd6 33. Nd5 Nd8 34. Rfe1 Bxd5 35.
cxd5 Qxd5 36. Re8+ Kg7 37. Qe2 Nf7 38. Rxa8 Qxa8 39. Qf2 Qb8 40. Ne2 g5 41. fxg5
Bxg5 42. Qxf5 Qe8 43. Re1 Qe3+ 44. Kh1 Ne5 45. Qe4 Qd2 46. Qxe5+ Kh6 47. Qe6+
Kh5 48. Ng3+ 1-0

[Event "Challenge"]
[Site "http://www.queenalice.com/game.php?id=1047681"]
[Date "2012.4.10"]
[Round "-"]
[White "juliojcjc"]
[Black "gatoss"]
[Result "0-1"]
[WhiteElo "1579"]
[BlackElo "1254"]

1. e4 c5 2. Bc4 e6 3. Nh3 d6 4. d3 Nf6 5. g4 h6 6. Qf3 d5 7. exd5 exd5 8. Bb3
Bxg4 9. Qe3+ Be7 10. Ba4+ Nc6 11. Nf4 Qa5+ 12. Nc3 d4 13. Bxc6+ bxc6 14. Qe5
dxc3 15. bxc3 O-O 16. Qxe7 Rfe8 17. Qxe8+ Rxe8+ 18. Kf1 Qxc3 19. h3 Re1+ 20. Kg2
Rxh1 21. Kxh1 Qxa1 22. hxg4 Qxc1+ 23. Kg2 Qxf4 24. f3 h5 25. gxh5 Nxh5 26. Kf2
g5 27. c3 f5 28. d4 Qd2+ 29. Kf1 Ng3+ 30. Kg1 Qe1+ 31. Kg2 f4 32. dxc5 Qf1+ 33.
Kh2 Qh1# 0-1

[Event "AUTO-BEG-534"]
[Site "http://www.queenalice.com/game.php?id=1051376"]
[Date "2012.4.22"]
[Round "1"]
[White "kubinet"]
[Black "gatoss"]
[Result "1-0"]
[WhiteElo "1586"]
[BlackElo "1440"]

1. e4 c5 2. Nf3 d6 3. d4 cxd4 4. Nxd4 Nf6 5. Nc3 e6 6. Be2 Be7 7. O-O O-O 8. f4
e5 9. Nf3 Nc6 10. h3 a6 11. Be3 Nh5 12. f5 Ng3 13. Re1 Nxe2+ 14. Qxe2 h6 15.
Rad1 Kh7 16. Nd5 g6 17. f6 1-0

[Event "AUTO-BEG-534"]
[Site "http://www.queenalice.com/game.php?id=1051377"]
[Date "2012.4.22"]
[Round "1"]
[White "gatoss"]
[Black "kubinet"]
[Result "0-1"]
[WhiteElo "1430"]
[BlackElo "1596"]

1. d4 d5 2. c4 e6 3. Nf3 Nf6 4. e3 c5 5. Bd3 dxc4 6. Bxc4 a6 7. O-O b5 8. Be2
cxd4 9. Nxd4 Bb7 10. Bf3 Qc7 11. a3 Be7 12. Nc3 O-O 13. Bxb7 Qxb7 14. Qf3 Qxf3
15. Nxf3 Nc6 16. b4 Rfd8 0-1

[Event "AUTO-BEG-534"]
[Site "http://www.queenalice.com/game.php?id=1051392"]
[Date "2012.4.22"]
[Round "1"]
[White "freesion"]
[Black "gatoss"]
[Result "0-1"]
[WhiteElo "780"]
[BlackElo "1411"]

1. e3 e5 2. d4 e4 3. Bc4 d5 4. Be2 Nf6 5. g3 Be7 6. Nc3 Nc6 7. h4 h5 8. f3 Bb4
9. a3 Bxc3+ 10. bxc3 O-O 11. Rb1 b6 12. a4 exf3 13. Bxf3 Re8 14. Ne2 Ba6 15. g4
hxg4 16. Bg2 Ne4 17. Ba3 Bxe2 18. Qd2 Nxd2 0-1

[Event "AUTO-BEG-534"]
[Site "http://www.queenalice.com/game.php?id=1051393"]
[Date "2012.4.22"]
[Round "1"]
[White "gatoss"]
[Black "freesion"]
[Result "1-0"]
[WhiteElo "1486"]
[BlackElo "893"]

1. d4 d5 2. c4 dxc4 3. Nf3 b5 4. a4 bxa4 5. Qxa4+ c6 6. Qxc4 Be6 7. Qd3 Nd7 8.
e3 g5 9. Nxg5 a5 10. Nxe6 fxe6 11. Be2 Ngf6 12. O-O Rg8 13. Qc4 e5 14. Qxc6 Rc8
15. Qa4 Bh6 16. Nd2 Rg5 17. Nf3 Rf5 18. Bd2 Kf8 19. Bxa5 Qe8 20. Rac1 exd4 21.
Nxd4 Nc5 22. Qxe8+ Rxe8 23. Nxf5 Bg5 24. Rxc5 Ne4 25. Re5 Ra8 26. Bb4 Rb8 27.
Rxe4 Kf7 28. Rxe7+ Bxe7 29. Bxe7 Rxb2 30. Bc4+ Kg6 31. Nh4+ Kh5 32. g3 Rc2 33.
Bf7+ Kh6 34. Bf8+ Kg5 35. Be7+ Kh6 36. Nf5# 1-0

[Event "AUTO-BEG-534"]
[Site "http://www.queenalice.com/game.php?id=1051402"]
[Date "2012.4.22"]
[Round "1"]
[White "ebpap123"]
[Black "gatoss"]
[Result "1-0"]
[WhiteElo "1428"]
[BlackElo "1430"]

1. e4 c5 2. Nf3 d6 3. Be2 e6 4. d4 cxd4 5. Nxd4 Nc6 6. Nc3 Nf6 7. Be3 Be7 8. f3
O-O 9. Qd2 a6 10. O-O-O h6 11. h4 Nh5 12. Bf2 e5 13. Nf5 Bxf5 14. exf5 Nf4 15.
Bf1 Qd7 16. g3 Nh5 17. Bh3 Qc7 18. Nd5 Qd8 19. Nxe7+ Qxe7 20. Qxd6 Rad8 21. Qxe7
Nxe7 22. Rxd8 Rxd8 23. Re1 Nc6 24. Rd1 Nd4 25. Bxd4 exd4 26. g4 Nf4 27. Bf1 g6
28. fxg6 fxg6 29. Bd3 Nxd3+ 30. Rxd3 Kg7 31. c3 b5 32. cxd4 Kf6 33. Kc2 Rc8+ 34.
Kb3 Rc1 35. d5 Ke5 36. d6 Rc8 37. d7 Rd8 38. Kb4 Ke6 39. Ka5 Rxd7 40. Rxd7 Kxd7
41. Kxa6 Ke6 42. Kxb5 Ke5 43. a4 1-0

[Event "AUTO-BEG-534"]
[Site "http://www.queenalice.com/game.php?id=1051403"]
[Date "2012.4.22"]
[Round "1"]
[White "gatoss"]
[Black "ebpap123"]
[Result "0-1"]
[WhiteElo "1484"]
[BlackElo "1262"]

1. d4 Nf6 2. c4 e6 3. g3 d5 4. Bg2 dxc4 5. Qa4+ Bd7 6. Qxc4 Be7 7. Nf3 Bc6 8.
O-O O-O 9. e3 Nbd7 10. Ne5 Bxg2 11. Kxg2 Nxe5 12. dxe5 Qd5+ 13. Qxd5 Nxd5 14. f4
Rad8 15. Nd2 Nxe3+ 16. Kf2 Nxf1 17. Kxf1 Bb4 18. Ne4 Rd1+ 19. Ke2 Rh1 20. a3
Rxh2+ 21. Kf3 Be7 22. b4 Rd8 23. Be3 b6 24. Rc1 Rc8 25. Nc3 c5 26. Nb5 a6 27.
Na7 Rc7 28. Rd1 h6 29. bxc5 Bxc5 30. Rd8+ Kh7 31. Bxc5 Rxc5 32. Rd7 Kg6 0-1

[Event "Challenge"]
[Site "http://www.queenalice.com/game.php?id=1052002"]
[Date "2012.4.23"]
[Round "-"]
[White "gatoss"]
[Black "juliojcjc"]
[Result "0-1"]
[WhiteElo "1485"]
[BlackElo "1564"]

1. d4 e6 2. c4 Nf6 3. Nc3 Ng4 4. e4 h5 5. h3 Nh6 6. Qxh5 g6 7. Qd1 Na6 8. Nf3 d6
9. Be2 Qf6 10. e5 dxe5 11. Nxe5 Nf5 12. O-O Nh4 13. Ng4 Qe7 14. Re1 Bg7 15. c5
Qd7 16. Bxa6 bxa6 17. Bg5 Qc6 18. Bf6 Qxg2# 0-1

[Event "Challenge"]
[Site "http://www.queenalice.com/game.php?id=1053768"]
[Date "2012.4.28"]
[Round "-"]
[White "gatoss"]
[Black "Soter"]
[Result "0-1"]
[WhiteElo "1479"]
[BlackElo "1370"]

1. d4 b6 2. Nf3 Bb7 3. e3 g6 4. Be2 Bg7 5. Nc3 Nc6 6. O-O Nf6 7. Bc4 O-O 8. h3
e6 9. b3 a5 10. a4 Nb4 11. Ba3 Bxf3 12. Qxf3 d6 13. Bxb4 axb4 14. Ne2 d5 15. Bd3
c6 16. Ng3 c5 17. dxc5 bxc5 18. Rac1 e5 19. e4 dxe4 20. Bxe4 Rb8 21. Rfd1 Qc7
22. Ra1 Nxe4 23. Nxe4 f5 24. Nd6 e4 25. Nb5 exf3 26. Nxc7 Bxa1 27. Rxa1 Rb7 28.
Ne6 Re8 29. Nxc5 Ra7 30. g3 Re5 31. Nd3 Re2 32. Nxb4 Rae7 0-1

[Event "Challenge"]
[Site "http://www.queenalice.com/game.php?id=1054069"]
[Date "2012.4.29"]
[Round "-"]
[White "soudeDeus"]
[Black "gatoss"]
[Result "0-1"]
[WhiteElo "1408"]
[BlackElo "1461"]

1. g3 d5 2. Bg2 e6 3. b3 Nf6 4. Bb2 Be7 5. d3 Nc6 6. e4 dxe4 7. dxe4 Qxd1+ 8.
Kxd1 O-O 9. Nh3 Rd8+ 10. Nd2 Ng4 11. Ke1 Bc5 12. f3 Ne3 13. Ke2 Nxc2 14. Rac1
N2d4+ 15. Ke3 Nxb3+ 16. Ke2 Nxc1+ 17. Rxc1 Bb6 18. Nc4 Ne7 19. Ng5 h6 20. Nh3
Nc6 21. Nf4 Bd4 22. Ba3 b6 23. h4 Ba6 24. Nh5 b5 25. Nd2 Ne5 26. Rxc7 b4+ 27.
Ke1 bxa3 28. Nb1 Rab8 29. Nxa3 Rb2 30. Bf1 Nxf3+ 31. Kd1 Bxf1 0-1

[Event "AUTO-INT-2308"]
[Site "http://www.queenalice.com/game.php?id=1054153"]
[Date "2012.4.29"]
[Round "1"]
[White "lordmago"]
[Black "gatoss"]
[Result "0-1"]
[WhiteElo "1647"]
[BlackElo "1441"]

1. d4 d5 2. Nc3 Nf6 3. Bg5 e6 4. a3 Be7 5. Bxf6 Bxf6 6. e3 O-O 7. Bd3 Nd7 8. Nf3
a6 9. O-O Re8 10. Re1 c6 11. e4 Qb6 12. e5 Be7 13. Na4 Qc7 14. c3 b5 15. Nc5
Nxc5 16. dxc5 Bxc5 17. Qc2 g6 18. h4 h5 19. Bxg6 fxg6 20. Qxg6+ Kf8 21. Qxh5 Ke7
22. Ng5 Rf8 23. Qh7+ Kd8 24. Qh6 Bxf2+ 25. Kh1 Bxe1 26. Rxe1 Qe7 27. Nxe6+ Qxe6
28. Qxe6 Bxe6 29. Kg1 Kc7 30. Re3 Rf5 31. g4 Rf4 32. g5 Rxh4 33. Rg3 Rf8 34. g6
Rg8 35. Kg2 Bf5 36. Rg5 Rxg6 37. Rxg6 Bxg6 38. Kg3 Re4 39. e6 Rxe6 40. Kg4 Re2
41. b3 Re3 42. c4 dxc4 43. bxc4 bxc4 44. Kf4 Rxa3 45. Kg5 c3 0-1

[Event "AUTO-INT-2308"]
[Site "http://www.queenalice.com/game.php?id=1054154"]
[Date "2012.4.29"]
[Round "1"]
[White "gatoss"]
[Black "lordmago"]
[Result "1-0"]
[WhiteElo "1409"]
[BlackElo "1657"]

1. d4 d5 2. c4 c6 3. Nf3 f6 4. e3 Bg4 5. Be2 Bxf3 6. gxf3 e5 7. Rg1 Bb4+ 8. Bd2
Bxd2+ 9. Nxd2 exd4 10. exd4 dxc4 11. Bxc4 b5 12. Bxg8 Rxg8 13. Qe2+ Qe7 14. Ne4
Kd7 15. d5 cxd5 16. Qxb5+ Nc6 17. Qb7+ Ke6 18. Qxc6+ Kf7 19. Qxd5+ Qe6 20. Qh5+
Kf8 21. Qc5+ Qe7 22. Qxe7+ Kxe7 23. Rc1 Rge8 24. Rxg7+ Kd8 25. Rd1+ Kc8 26. Kf1
Rb8 27. Rc1+ Kd8 28. Nxf6 Rc8 29. Rxc8+ Kxc8 30. Nxe8 Kd8 31. Nf6 a5 32. Rxh7
1-0

[Event "AUTO-INT-2308"]
[Site "http://www.queenalice.com/game.php?id=1054165"]
[Date "2012.4.29"]
[Round "1"]
[White "Quanah4"]
[Black "gatoss"]
[Result "1-0"]
[WhiteElo "1696"]
[BlackElo "1445"]

1. e4 c5 2. Nf3 d6 3. g3 e6 4. Bg2 Nc6 5. a3 Nf6 6. d3 Be7 7. O-O O-O 8. c4 h6
9. Nbd2 Nd4 10. b3 d5 11. exd5 exd5 12. Bb2 Nc6 13. Rc1 d4 14. h3 Re8 15. Re1
Bf5 16. Ne4 Nxe4 17. dxe4 Bg6 18. Rb1 Na5 19. Nh4 Bxh4 20. gxh4 Qxh4 21. Qg4
Qxg4 22. hxg4 Nxb3 23. a4 Nd2 24. Rbd1 Nxe4 25. Re2 Re7 26. f3 Nc3 27. Rxe7 Nxd1
28. Re2 Nxb2 29. Rxb2 b6 30. f4 Bd3 31. Bxa8 1-0

[Event "AUTO-INT-2308"]
[Site "http://www.queenalice.com/game.php?id=1054166"]
[Date "2012.4.29"]
[Round "1"]
[White "gatoss"]
[Black "Quanah4"]
[Result "0-1"]
[WhiteElo "1436"]
[BlackElo "1721"]

1. d4 f5 2. c4 Nf6 3. Nf3 d5 4. e3 e6 5. Bd3 Be7 6. O-O O-O 7. a3 c6 8. c5 a5 9.
Nc3 b6 10. Bd2 bxc5 11. dxc5 Bxc5 12. Ne5 Nbd7 13. Nxc6 Qc7 14. Ne7+ Bxe7 15.
Rc1 Qd8 16. Nb5 Nc5 17. Be2 Ba6 18. Nd4 Qd7 19. Bxa6 Rxa6 20. b4 axb4 21. axb4
Nce4 22. Be1 Rb6 23. f3 Nd6 24. Ra1 Rbb8 25. Qa4 Qxa4 26. Rxa4 Ra8 27. Ra5 Nc4
28. Rxa8 Rxa8 29. Bc3 Nxe3 30. Re1 f4 31. Nxe6 Nc2 32. Re5 Bxb4 33. Bxb4 Nxb4
0-1

[Event "Challenge"]
[Site "http://www.queenalice.com/game.php?id=1059777"]
[Date "2012.5.15"]
[Round "-"]
[White "vasyl_puzanov"]
[Black "gatoss"]
[Result "1-0"]
[WhiteElo "1800"]
[BlackElo "1421"]

1. e4 c5 2. Nf3 d6 3. d4 cxd4 4. Nxd4 Nf6 5. Nc3 e6 6. Bg5 h6 7. Bh4 Be7 8. Bb5+
Bd7 9. O-O Bxb5 10. Ndxb5 d5 11. e5 Nfd7 12. Nxd5 exd5 13. Nd6+ Kf8 14. Qxd5
Nxe5 15. Bxe7+ Qxe7 16. f4 Ng4 17. Rae1 1-0

[Event "Challenge"]
[Site "http://www.queenalice.com/game.php?id=1066227"]
[Date "2012.5.31"]
[Round "-"]
[White "soudeDeus"]
[Black "gatoss"]
[Result "1-0"]
[WhiteElo "1559"]
[BlackElo "1494"]

1. g3 d5 2. Bg2 Nf6 3. b3 e6 4. Bb2 Be7 5. d3 c5 6. e4 dxe4 7. dxe4 Qxd1+ 8.
Kxd1 O-O 9. Nh3 Rd8+ 10. Ke2 Nc6 11. Na3 Nd4+ 12. Ke3 b6 13. e5 Ng4+ 14. Kf4 Rb8
15. Kxg4 f5+ 16. Kf4 Bb7 17. Bxb7 Rxb7 18. Rad1 Rbd7 19. Rd2 Nc6 20. Rxd7 Rxd7
21. Ng5 Bxg5+ 22. Kxg5 h6+ 23. Kg6 Ne7+ 24. Kh5 Kh7 25. Nb5 Rd2 26. Nxa7 Rxc2
27. Bc1 g6+ 28. Kh4 Rxa2 29. Nb5 Rxf2 30. Nc7 Rf3 31. Nxe6 g5+ 32. Bxg5 Ng6+ 33.
Kh5 Nxe5 34. Bxh6 Nf7 35. Rb1 Re3 36. Ng5+ Nxg5 37. Bxg5 Re2 38. h4 Rg2 39. b4
1-0

[Event "Challenge"]
[Site "http://www.queenalice.com/game.php?id=1067772"]
[Date "2012.6.3"]
[Round "-"]
[White "gatoss"]
[Black "Enzo1945"]
[Result "0-1"]
[WhiteElo "1458"]
[BlackElo "1401"]

1. d4 d5 2. c4 Nf6 3. Bg5 dxc4 4. Bxf6 exf6 5. Qa4+ Bd7 6. Qxc4 Qe7 7. Qxc7 Na6
8. Qxb7 Qd8 9. Qxa6 Be7 10. Qd3 Rb8 11. b3 O-O 12. Nf3 Bb4+ 13. Nbd2 Bb5 14. Qf5
Qa5 15. a4 Bxd2+ 16. Nxd2 Qc3 17. Rb1 Rbc8 18. Kd1 Qxd4 19. axb5 g6 20. Qe4 Qc3
21. e3 Rfe8 22. Qa4 Qe5 23. Ke2 Qf5 24. g3 Red8 25. Ne4 Rc2+ 26. Ke1 Qf3 27. Qa5
Rdc8 28. Nxf6+ Qxf6 29. Be2 Rd8 30. Qxa7 Qc3+ 0-1